Англійська мова: розмовні теми для старшокласників (Запис № 286808)

МАРК-запис
000 -Лідер
fixed length control field 00754nam a22002417a 4500
003 - Ідентифікатор контрольного номера
control field UA-OsUOA
001 - Контрольний номер
control field 643
007 - Фіксоване поле фізичного опису
fixed length control field ta
008 - Елементи даних фіксованої довжини – загальна інформація
fixed length control field 20050622b un ||||| |||| 00| 0 ukr d
090 ## - Локальний шифр розміщення
Класифікаційний індекс УДК 811.111
Авторський знак (НП) Г58
040 ## - Джерело каталогізації
Агенція оригінальної каталогізації UA-OsUOA
Мова каталогізації ukr
Агенція, яка здійснювала перезапис UA-OsUOA
Агенція, яка здійснювала модифікацію UA-OsUOA
041 ## - Код мови
Код мови тексту/ звукової доріжки чи окремого заголовка (П) ukr
080 ## - Індекс Універсальної десяткової класифікації
Індекс Універсальної десяткової класифікації (УДК) (НП) 811.111
020 ## - Міжнародний стандартний книжковий номер (ISBN)
Міжнародний стандартний книжковий номер (ISBN) (НП) 966-06-0086-0
100 ## - Основне введення – ім’я особи
Ім’я особи (НП) Гогільчин С.І.
245 ## - Відомості про назву
Назва (НП) Англійська мова: розмовні теми для старшокласників
Решта назви (НП) навчальний посібник
260 ## - Публікація, розповсюдження і т.п. (Вихідні дані)
Місце публікації, розповсюдження і т.п. (П) К.
Ім’я/ наймення видавництва, розповсюджувача і т.п. (П) Либідь
Дата публікації, розповсюдження і т.п. (П) 1999
300 ## - Фізичний опис
Обсяг 88 с.
650 #7 - Додаткове предметне введення – тематичний термін
Тематичний термін чи географічна назва, як елемент введення (НП) 8 Мовознавство. Художня література. Літературознавство
Джерело заголовка чи терміна UDC
942 ## - Додаткові елементи входу (Коха)
Тип елемента Koha Книги
955 ## - Код типу видання за змістом
Код типу видання за змістом (НП) Навчальні видання
Фонди
Стан вилучень Стан втрат Джерело класифікації або схеми стелажів Стан уражень Не для кредиту Постійне місце розташування Поточне розміщення Дата придбання Джерело придбання Вартість, звичайна ціна покупки Інвентарний номер Усього замовленно Повний номер виклику Штрих-код Дата останнього перегляду Ціна ефективна від Тип елемента Koha Дата останньої перевірки Усього утримується
Withdrawn   Universal Decimal Classification     АБ - Абонемент НБ АБ - Абонемент НБ 22/06/2005 98/2005 1.00 86390   811.111 Г58 86390 13/07/2019 22/06/2005 Книги    
    Universal Decimal Classification     АБ - Абонемент НБ АБ - Абонемент НБ 22/06/2005 98/2005 1.00 86391   811.111 Г58 86391 10/01/2022 22/06/2005 Книги    
    Universal Decimal Classification     АБ - Абонемент НБ АБ - Абонемент НБ 22/06/2005 98/2005 1.00 86392   811.111 Г58 86392 10/01/2022 22/06/2005 Книги    
    Universal Decimal Classification     АБ - Абонемент НБ АБ - Абонемент НБ 22/06/2005 98/2005 1.00 86393   811.111 Г58 86393 10/01/2022 22/06/2005 Книги    
    Universal Decimal Classification     АБ - Абонемент НБ АБ - Абонемент НБ 22/06/2005 98/2005 1.00 86394 2 811.111 Г58 86394 12/12/2025 22/06/2005 Книги 20/05/2024  
    Universal Decimal Classification     АБ - Абонемент НБ АБ - Абонемент НБ 22/06/2005 98/2005 1.00 86395   811.111 Г58 86395 10/01/2022 22/06/2005 Книги    
    Universal Decimal Classification     АБ - Абонемент НБ АБ - Абонемент НБ 22/06/2005 98/2005 1.00 86396   811.111 Г58 86396 10/01/2022 22/06/2005 Книги    
    Universal Decimal Classification     АБ - Абонемент НБ АБ - Абонемент НБ 22/06/2005 98/2005 1.00 86397   811.111 Г58 86397 10/01/2022 22/06/2005 Книги    
    Universal Decimal Classification     АБ - Абонемент НБ АБ - Абонемент НБ 22/06/2005 98/2005 1.00 86398   811.111 Г58 86398 10/01/2022 22/06/2005 Книги    
Withdrawn   Universal Decimal Classification   Not For Loan АБ - Абонемент НБ АБ - Абонемент НБ 22/06/2005 98/2005 1.00 86399   811.111 Г58 86399 13/07/2019 22/06/2005 Книги   1
    Universal Decimal Classification     АБ - Абонемент НБ АБ - Абонемент НБ 19/08/2006 85/2006 1.00 98202   811.111 Г58 98202 10/01/2022 22/06/2005 Книги